000 01107cam a22002891 4500
001 8389
003 BD-JhCC
005 20230802100226.0
008 730725s1935 inu 000 0 eng
035 _a(BD-JhCC)8389
035 _aBD-JhCC
040 _aDLC
_cONcM
_dOCoLC
_dDLC
_dBD-JhCC
041 _aeng
050 0 0 _aPR873
_b.C4 1935
082 _a823.809
_bCEC 1935
100 1 _aCecil, David,
_d1902-1986.
245 1 0 _aEarly Victorian novelists:
_bessays in revaluation /
_cDavid Cecil .
260 _aIndianapolis,
_bBobbs-Merrill
_c[c1935]
300 _a342 p.
_c21 cm.
500 _a"These essays are derived from a series of lectures on the Victorian novel delivered at Oxford two or three years ago."--Prefatory note.
500 _a"First edition."
505 0 _aAs they look to the reader.--Charles Dickens.--William Makepeace Thackeray.--Charlotte Brontë.--Emily Brontë and Wuthering heights.--Mrs. Gaskell.--Anthony Trollope.--George Eliot.
650 0 _aEnglish fiction
_y19th century
_xHistory and criticism.
740 0 _aVictorian novelists.
942 _2ddc
_cBK
999 _c8389
_d8389